000
00263nam a22000977a 4500
999
_c
11455
_d
11455
008
190525b ||||| |||| 00| 0 eng d
020
_a
9781599201153
100
_a
Park Louis
_9
7178
245
_a
Natural Disasters- (Tsunamis)
260
_a
Minnesota
_b
Smart Apple
_c
2007